| 000 | 00737nam a2200229Ia 4500 | ||
|---|---|---|---|
| 003 | OSt | ||
| 005 | 20251103175551.0 | ||
| 008 | 210423s2012 xx 000 0 und d | ||
| 020 | _a978-81-89233-75-4 | ||
| 040 | _cAL | ||
| 041 | _aEnglish | ||
| 082 |
_a362.38 _bSHAE |
||
| 100 |
_aSheela Sharma _9112238 |
||
| 245 | _aEmpowering women through better healthcare and nutrition in developing countries | ||
| 260 |
_aNew Delhi _bRegency Publications _c2012 |
||
| 300 |
_axv,325 _bPB |
||
| 365 |
_b1600 _cINR |
||
| 650 |
_aSocial Welfare Problems & Services _9112239 |
||
| 700 |
_aAtero, Anglla Atwaru _9243637 |
||
| 906 | _abetter ; countries. ; developing ; Empowering ; healthcare ; nutrition ; through ; women | ||
| 942 |
_2ddc _cBK |
||
| 999 |
_c165410 _d165410 |
||